LEADER 02487nam 2200469 a 450 001 9910456121803321 005 20200520144314.0 010 $a0-309-51587-4 035 $a(CKB)110986584752898 035 $a(EBL)3375348 035 $a(MiAaPQ)EBC3375348 035 $a(Au-PeEL)EBL3375348 035 $a(CaPaEBR)ebr10038621 035 $a(OCoLC)923255750 035 $a(EXLCZ)99110986584752898 100 $a20000718d2000 uy 0 101 0 $aeng 135 $aur|n|---||||| 200 00$aOceanography and mine warfare$b[electronic resource] /$fOcean Studies Board, Commission on Geosciences, Environment, and Resources, National Research Council 210 $aWashington, D.C. $cNational Academy Press$dc2000 215 $a1 online resource (113 p.) 300 $aAD-A374 586. 300 $a"Additional copies are available from the National Academy Press, 2101 Constitution Avenue, NW, Lockbox 285, Washington, DC 20055; (800)624-6242 or (202)334-3313 (in the Washington metropolitan area); Internet: http://www.nap.edu. 311 $a0-309-06798-7 320 $aIncludes bibliographical references (p. 56). 327 $a""Front Matter""; ""Preface""; ""Acknowledgments""; ""Contents""; ""Executive Summary""; ""1 Introduction""; ""2 Mine Warfare: An Overview""; ""3 Oceanography and Mine Warfare""; ""4 Mine Warfare and the Ocean Environment: Mission Influence, Research Issues, and Future Exploitation""; ""5 Discussion and Summary""; ""6 References""; ""APPENDIX A Steering Committee and Staff Biographies""; ""APPENDIX B Symposium Program""; ""APPENDIX C Symposium Participants""; ""APPENDIX D Wargame Gamebook"" 327 $a""Environmental Science Programs Supporting Mine Warfare Within the Office of Naval Research APPENDIX E""""Office of Naval Research Programs to Encourage Research in Areas of Interest to Naval Operations APPENDIX F""; ""Office of Naval Research Program Contact Information APPENDIX G""; ""Acronyms and Abbreviations APPENDIX H"" 606 $aSubmarine mines$zUnited States 606 $aMines (Military explosives) 606 $aMilitary oceanography$zUnited States 608 $aElectronic books. 615 0$aSubmarine mines 615 0$aMines (Military explosives) 615 0$aMilitary oceanography 676 $a623/.26 801 0$bMiAaPQ 801 1$bMiAaPQ 801 2$bMiAaPQ 906 $aBOOK 912 $a9910456121803321 996 $aOceanography and mine warfare$92158222 997 $aUNINA LEADER 04918nam 2200673Ia 450 001 9910465445503321 005 20200520144314.0 010 $a1-61761-667-2 035 $a(CKB)2560000000067929 035 $a(EBL)3017768 035 $a(SSID)ssj0000413718 035 $a(PQKBManifestationID)12139387 035 $a(PQKBTitleCode)TC0000413718 035 $a(PQKBWorkID)10382631 035 $a(PQKB)10847307 035 $a(MiAaPQ)EBC3017768 035 $a(Au-PeEL)EBL3017768 035 $a(CaPaEBR)ebr10654739 035 $a(OCoLC)923653614 035 $a(EXLCZ)992560000000067929 100 $a20090917d2010 uy 0 101 0 $aeng 135 $aurcn||||||||| 181 $ctxt 182 $cc 183 $acr 200 00$aCentral banking and globalization$b[electronic resource] /$fMarlon Cappello and Cristian Rizzo, editors 210 $aNew York $cNova Science Publishers$dc2010 215 $a1 online resource (191 p.) 225 0$aGlobal economic studies series 300 $aDescription based upon print version of record. 311 $a1-60876-056-1 320 $aIncludes bibliographical references and index. 327 $a""CENTRAL BANKING AND GLOBALIZATION""; ""CENTRAL BANKING AND GLOBALIZATION""; ""CONTENTS ""; ""PREFACE ""; ""ON THE ROLE OF MONEY-GROWTH TARGETING UNDER AN INFLATION-TARGETING REGIME""; ""Abstract""; ""1. Introduction""; ""2. Why the Money May Be Useful and Important""; ""3. Monetary Targeting versus Inflation Targeting""; ""4. The Model""; ""5. The Dynamics of Inflation Expectations under Inflation-Targeting Regime with Feedback Money Growth Rule""; ""Forward-Looking Expectations""; ""Backward-Looking Expectations""; ""6. Zero-Interest-Rate Policy and Quantitative Easing Policy"" 327 $a""7. Conclusion""""Appendix: The Difference Equation under Forward-Looking Expectations""; ""Acknowledgments""; ""References""; ""TRADE REMEDIES: A PRIMER*""; ""Summary ""; ""Introduction ""; ""Overview ""; ""Congressional Interest ""; ""Action in 110th Congress""; ""AD and CVD Laws and Investigations ""; ""U.S. Statutes and Eligibility Criteria ""; ""U.S. International Obligations ""; ""Outcome of AD and CVD Investigations ""; ""AD and CVD Investigations ""; ""Preliminary Determinations ""; ""Final Determinations ""; ""Critical Circumstances "" 327 $a""Termination of Investigation and Suspension Agreements""""Administrative and Sunset Reviews ""; ""Recent U.S. AD/CVD Disputes in WTO ""; ""Antidumping Act of 1916 ""; ""Continued Dumping and Subsidy Offset Act""; ""Zeroing ""; ""AD/CVD Issues in the 110th Congress ""; ""Application of Countervailing Duties to Nonmarket Economy Countries ""; ""WTO Panel Participation and Oversight""; ""Safeguard (Escape Clause) Measures ""; ""Statutory Authority ""; ""Section 201 Eligibility Criteria ""; ""U.S. International Obligations ""; ""NAFTA Provisions ""; ""Section 201 Safeguard Investigations "" 327 $a""ITC Role """"Presidential Action ""; ""Midterm Review ""; ""Section 201 Outcomes ""; ""2002 Steel Safeguard Action ""; ""Section 406 Relief ""; ""Surge Protection from Chinese Imports ""; ""Safeguard Legislation in the 110th Congress ""; ""Conclusion ""; ""References ""; ""TOWARDS NEW METRICS TO MEASURE SUSTAINED COMPETITIVENESS IN THE CARIBBEAN""; ""Abstract""; ""Introduction""; ""Tourism Life Cycle, Competitiveness and Sub-Optimality""; ""Defining Tourism Competitiveness""; ""Addressing Issues Related to Sub-Optimality in the Consumption and Production of Tourism"" 327 $a""Tourism in the Caribbean""""Measuring Sustained Competitiveness""; ""Data Sources, Estimation and Empirical Results""; ""Study Results and Implications""; ""Conclusion""; ""References""; ""CENTRAL BANKING AND DEFLATIONARY DEPRESSION : A JAPANESE PERSPECTIVE""; ""Abstract""; ""1. Introduction""; ""2. Too Late Too Small? Hypothesis of Japanese Monetary Policy :Empirical and Informal Theoretical Analyses""; ""3. A Formal Theoretical Interpretation by Means of a System of Dynamic Equations""; ""Proposition""; ""4. Permissible versus Optimal Monetary Policies""; ""Criterion"" 327 $a""5. On The Problem of Sign Reversal in the New Keynesian Dynamic Model"" 410 0$aGlobal Economic Studies 606 $aBanks and banking, Central 606 $aGlobalization$xEconomic aspects 606 $aInternational finance 606 $aMonetary policy 608 $aElectronic books. 615 0$aBanks and banking, Central. 615 0$aGlobalization$xEconomic aspects. 615 0$aInternational finance. 615 0$aMonetary policy. 676 $a332.1/1 701 $aCappello$b Marlon$0886119 701 $aRizzo$b Cristian$0886120 801 0$bMiAaPQ 801 1$bMiAaPQ 801 2$bMiAaPQ 906 $aBOOK 912 $a9910465445503321 996 $aCentral banking and globalization$91978714 997 $aUNINA LEADER 01702nas 2200517-a 450 001 9910225743703321 005 20241223110656.0 035 $a(CKB)1000000000397962 035 $a(CONSER)--2005212430 035 $a(MiFhGG)0VTU 035 $a(EXLCZ)991000000000397962 100 $a20050629b20052009 --- a 101 0 $aeng 181 $ctxt$2rdacontent 182 $cc$2rdamedia 183 $acr$2rdacarrier 200 10$aCards & payments 210 $aNew York, N.Y. $cSourceMedia$dİ2005- 215 $a1 online resource 300 $a"Credit, debit and beyond." 300 $aTitle from cover. 311 08$aPrint version: Cards & payments (New York, N.Y.) (DLC) 2005212430 (OCoLC)60770688 1557-0762 517 1 $aC & P 517 1 $aCards and payments 531 $aCARDS & PAYMENTS 606 $aCredit cards$zUnited States$vPeriodicals 606 $aDebit cards$zUnited States$vPeriodicals 606 $aElectronic funds transfers$zUnited States$vPeriodicals 606 $aCredit cards$2fast$3(OCoLC)fst00882566 606 $aDebit cards$2fast$3(OCoLC)fst00888759 606 $aElectronic funds transfers$2fast$3(OCoLC)fst00907204 607 $aUnited States$2fast$1https://id.oclc.org/worldcat/entity/E39PBJtxgQXMWqmjMjjwXRHgrq 608 $aPeriodicals.$2fast 608 $aPeriodicals.$2lcgft 615 0$aCredit cards 615 0$aDebit cards 615 0$aElectronic funds transfers 615 7$aCredit cards. 615 7$aDebit cards. 615 7$aElectronic funds transfers. 676 $a332 906 $aJOURNAL 912 $a9910225743703321 920 $aexl_impl conversion 996 $aCards & payments$92335900 997 $aUNINA